000 00225nam a22000857a 4500
008 160702b xxu||||| |||| 00| 0 eng d
100 _91770
_a Nasrin
245 _aEnvironmental Educational for us
260 _aNew Delhi
_bA.P.H
_c2004
999 _c1474
_d1474